All foreign players FC Volendam - Statistics

General Stats
  • This quiz has been taken 5 times
  • The average score is 31 of 76
Answer Stats
Hint Answer % Correct
Benaissa Benamar
100%
Bilal Ould-Chikh
100%
Derry Murkin
100%
Filip Stanković
100%
Gaetano Oristanio
100%
Garang Kuol
100%
George Cox
100%
Mio Backhaus
100%
Brandley Kuwas
75%
Darius Johnson
75%
Diego Gustavo
75%
Franco Antonucci
75%
Josh Flint
75%
Oskar Buur
75%
Robin Maulun
75%
Samuele Mulattieri
75%
Zach Booth
75%
Florent Sanchez
50%
Giannis Iatroudis
50%
Lars Veldwijk
50%
Leon Maloney
50%
Luke Le Roux
50%
Noah Fadiga
50%
Quincy Hoeve
50%
Aaron Eyoma
25%
Abdülhamit Yıldız
25%
Adnane Tighadouini
25%
Akinori Nishizawa
25%
Ayhan Tumani
25%
Cecilio Lopes
25%
César Mendoza
25%
Cruz Vicente
25%
Darryl Bäly
25%
Dejan Govedarica
25%
Elson Hooi
25%
Fernando Ferrari
25%
Francisco Reyes
25%
Franz Krauthausen
25%
Guy Dufour
25%
Houssein Ouhsaine Ouichou
25%
Ibrahim Babangida
25%
Ivica Vukov
25%
Joey Roggeveen
25%
John Clayton
25%
John Hilton
25%
Karim Bridji
25%
Krzysztof Bociek
25%
László Zsidai
25%
Leandro Kappel
25%
Liban Abdulahi
25%
Lindsay Wilson
25%
Lorenz Hilkes
25%
Mark De Vries
25%
Miroslav Stefanović
25%
Mohammed Ajnane
25%
Orlando Smeekes
25%
Peter Vermes
25%
Radoslav Samardžić
25%
Rafik El Hamdi
25%
Randy Ababio
25%
Randy Samuel
25%
Raymond Homoet
25%
Rihairo Meulens
25%
Rob Hilbers
25%
Rok Roj
25%
Soufian Akouili
25%
Soufiane Laghmouchi
25%
Soufiane Reclaoui
25%
Tuan Trương Minh
25%
Tyrone Loran
25%
Ulrich Wilson
25%
Vincent Gouttebarge
25%
Vit Valenta
25%
Walter Ferreira
25%
Younes Taha
25%
Yuriy Petrov
25%
No matching quizzes found
Score Distribution
Percent of People with Each Score
Percentile by Number Answered
Your Score History
You have not taken this quiz